Statistics for Top 50 Greatest Montreal Canadiens

Click here to take the quiz!

General Stats

  • This quiz has been taken 51 times
  • The average score is 34 of 50

Answer Stats

Rank Position, Team Career Player % Correct
9.C; 1955-75Henri "Pocket Rocket" Richard
100%
1.RW; 1942-60Maurice "Rocket" Richard
100%
23.G; 2007-presentCarey "Pricer" Price
100%
7.D; 1972-89Larry "Big Bird" Robinson
97%
2.C; 1951-71Jean "Le Gros Bill" Béliveau
97%
14.G; 1971-79Ken "The Thinker" Dryden
97%
8.G; 1985-95Patrick "St. Patrick" Roy
94%
4.RW; 1971-85Guy "Le Démon Blond" Lafleur
94%
48.D; 2010-16P.K. "The Subbanator" Subban
90%
42.C; 1995-2009Saku "Captain K" Koivu
90%
6.G; 1953-63Jacque Plante
90%
21.D; 1969-82Guy "Pointu" Lapointe
87%
15.LW; 1963-79Yvan "Roadrunner" Cournoyer
87%
24.G; 1917-25Georges "The Chicoutimi Cucumber" Vézina
87%
12.D; 1967-81Serge "Le Sénateur" Savard
84%
44.D; 2000-17Andrei "Le Général" Markov
84%
27.LW; 1972-84Steve "Shutty" Shutt
84%
5.C; 1923-37Howie "The Stratford Streak" Morenz
81%
22.LW; 1935-48Hector "Toe" Blake
81%
33.C; 1981-94Guy Carbonneau
81%
19.LW; 1973-89Bob "Le Capitaine" Gainey
81%
17.C; 1940-54Elmer Lach
81%
26.D; 1941-56Émile "Butch" Bouchard
77%
3.D; 1947-61Doug Harvey
77%
41.D; 1984-90Chris "Honey Nut" Chelios
74%
50.LW; 2008-18Max "Patches" Pacioretty
74%
11.LW; 1951-63Richard "Dickie" Moore
74%
16.G; 1943-50Bill Durnan
74%
13.RW; 1950-64Bernie "Boom Boom" Geoffrion
74%
29.LW; 1971-74Frank "Big M" Mahovlich
68%
32.C; 1969-77Peter "Little M" Mahovlich
68%
20.C; 1967-79Jacques "Coco" Lemaire
68%
10.C; 1917-22Edouard "Newsy" Lalonde
65%
35.G; 1926-39George Hainsworth
65%
37.LW; 1982-90Mats "Le Petit Viking" Näslund
61%
25.D; 1962-74Jacques Laperrière
58%
18.LW; 1922-38Aurèle "Petit Géant" Joliat
55%
28.D; 1959-72Jean-Claude "J. C." Tremblay
52%
43.LW; 1960-69Gilles Tremblay
52%
39.D; 1947-63Tom "Tomcat" Johnson
52%
47.G; 1963-70Lorne "Gump" Worsley
48%
40.RW; 1955-70Claude Provost
42%
45.C; 1957-71Ralph Backstrom
35%
49.RW; 1960-70Bobby Rousseau
32%
30.RW; 1917-23Didier "Cannonball" Pitre
32%
36.D; 1923-36Sylvio Mantha
29%
38.LW; 1950-58Bert Olmstead
26%
46.C; 1975-82Doug Jarvis
19%
34.LW; 1963-71John "Fergy" Ferguson
19%
31.D; 1940-50Ken "Kenny" Reardon
13%

Score Distribution

Percentile by Number Answered

Percent of People with Each Score

Your Score History

You have not taken this quiz